000 00393cam a2200169ua 4500
001 6728
008 191012n1980 II |||gr||||Z||||||asm
040 _aMAIN
041 _aEnglish
082 _a891.451 PAT
100 _aPATHAK , RAMESH .
245 _aBHASHA BIGYANOR BHUMIKA
260 _aMEERUT
_bPRAGATI PRAKASHAN
_c1980
300 _a117.
653 _aASSAMESE LITERATURE
942 _cBK
999 _c6713
_d6713